LIBRARY ONLINE CATALOGUE

The Higher education bill 2001. (Record no. 13607)

MARC details
000 -LEADER
fixed length control field 00604cam a22002052 4500
001 - CONTROL NUMBER
control field 0000013278
005 - DATE AND TIME OF LATEST TRANSACTION
control field 20151217155856.0
008 - FIXED-LENGTH DATA ELEMENTS--GENERAL INFORMATION
fixed length control field 090727s xx 000 0 eng d
040 ## - CATALOGING SOURCE
Original cataloging agency KABU
Transcribing agency KABU
110 2# - MAIN ENTRY--CORPORATE NAME
Corporate name or jurisdiction name as entry element Kenya, Republic of.
-- 0000150051
245 14 - TITLE STATEMENT
Title The Higher education bill 2001.
250 ## - EDITION STATEMENT
Edition statement 1st ed.
260 ## - PUBLICATION, DISTRIBUTION, ETC. (IMPRINT)
Place of publication, distribution, etc. Nairobi :
Name of publisher, distributor, etc. Govt. Printer,
Date of publication, distribution, etc. 2001.
300 ## - PHYSICAL DESCRIPTION
Extent 53 p.
500 ## - GENERAL NOTE
General note Bound photocopy.
650 #0 - SUBJECT ADDED ENTRY--TOPICAL TERM
Topical term or geographic name as entry element Higher, Education
General subdivision Law and legislation
Geographic subdivision Kenya.
-- 0000170439
852 1# - LOCATION
-- p100 KES
908 ## - PUT COMMAND PARAMETER (RLIN)
Put command parameter 090727
950 ## - LOCAL HOLDINGS (RLIN)
-- 1
Holdings
Withdrawn status Lost status Source of classification or shelving scheme Not for loan Home library Current library Date acquired Total Checkouts Full call number Barcode Date last seen Price effective from Koha item type
    Library of Congress Classification   Kabarak, Main Campus Kabarak, Main Campus 17/12/2015   KSK1644 .K46 2001 c. 1 17986 17/12/2015 17/12/2015 Africana Collection